Russian Tsars - Statistics

General Stats
  • This quiz has been taken 1,109 times
  • The average score is 17 of 27
Answer Stats
Hint Answer % Correct
1533-1584 Ivan
94%
1682-1696 Ivan
94%
1740-1741 Ivan
94%
1825-1855 Nicholas
92%
1894-1917 Nicholas
92%
1801-1825 Alexander
91%
1855-1881 Alexander
91%
1881-1894 Alexander
91%
1682-1721 Peter
89%
1721-1725 Peter
89%
1727-1730 Peter
89%
1762-1762 Peter
89%
1725-1727 Catherine
85%
1762-1796 Catherine
85%
1796-1801 Paul
51%
1741-1762 Elizabeth
43%
1613-1645 Michael
39%
1730-1740 Anna
38%
1598-1605 Boris
37%
1584-1598 Feodor
29%
1605-1605 Feodor
29%
1676-1682 Feodor
29%
1605-1606 False Dmitry
25%
1645-1676 Alexis
22%
1825-1825 Constantine
21%
1606-1610 Vasily
20%
1610-1612 Vladislav
13%
No matching quizzes found
Score Distribution
Percent of People with Each Score
Percentile by Number Answered
Your Score History
You have not taken this quiz